| 000 | 00410nam a2200145 4500 | ||
|---|---|---|---|
| 001 | 133084 | ||
| 003 | ES-MaACL | ||
| 007 | t| | ||
| 008 | 070214s1920 it r ||||1| ita d | ||
| 100 | 1 |
_aRuberti, Guido. _9100300 |
|
| 245 | 1 | 3 |
_aIl teatro contemporaneo in Europa / _cGuido Ruberti. |
| 260 |
_aRocca S. Casciano : _bLicinio Cappelli, _c1920. |
||
| 300 |
_a2 v. ; _c20 x 13 cm. |
||
| 852 |
_aES-MaACL _jB-7141-2 |
||
| 999 |
_c133084 _d133084 |
||